Ghosts of empire : (Record no. 14441)
[ view plain ]
| 000 -LEADER | |
|---|---|
| fixed length control field | 01046cam a22003017a 4500 |
| 001 - CONTROL NUMBER | |
| control field | 17025781 |
| 005 - DATE AND TIME OF LATEST TRANSACTION | |
| control field | 20170105102855.0 |
| 008 - FIXED-LENGTH DATA ELEMENTS--GENERAL INFORMATION | |
| fixed length control field | 110906s2011 enkabf b 001 0 eng d |
| 010 ## - LIBRARY OF CONGRESS CONTROL NUMBER | |
| LC control number | 2011488726 |
| 016 7# - NATIONAL BIBLIOGRAPHIC AGENCY CONTROL NUMBER | |
| Record control number | 015794485 |
| Source | Uk |
| 020 ## - INTERNATIONAL STANDARD BOOK NUMBER | |
| International Standard Book Number | 9780747599418 |
| 020 ## - INTERNATIONAL STANDARD BOOK NUMBER | |
| International Standard Book Number | 0747599416 |
| 035 ## - SYSTEM CONTROL NUMBER | |
| System control number | (OCoLC)ocn729347104 |
| 040 ## - CATALOGING SOURCE | |
| Original cataloging agency | BTCTA |
| Language of cataloging | eng |
| Transcribing agency | BTCTA |
| Modifying agency | YDXCP |
| -- | NLE |
| -- | NDD |
| -- | UKMGB |
| -- | BWK |
| -- | CDX |
| -- | LOA |
| -- | DLC |
| 042 ## - AUTHENTICATION CODE | |
| Authentication code | lccopycat |
| 043 ## - GEOGRAPHIC AREA CODE | |
| Geographic area code | e-uk--- |
| 050 00 - LIBRARY OF CONGRESS CALL NUMBER | |
| Classification number | DA16 |
| Item number | .K93 2011 |
| 100 1# - MAIN ENTRY--PERSONAL NAME | |
| Personal name | Kwarteng, Kwasi. |
| 245 10 - TITLE STATEMENT | |
| Title | Ghosts of empire : |
| Remainder of title | Britain's legacies in the modern world / |
| Statement of responsibility, etc. | Kwasi Kwarteng. |
| 260 ## - PUBLICATION, DISTRIBUTION, ETC. | |
| Place of publication, distribution, etc. | London ; |
| -- | New York : |
| Name of publisher, distributor, etc. | Bloomsbury, |
| Date of publication, distribution, etc. | 2011. |
| 300 ## - PHYSICAL DESCRIPTION | |
| Extent | 465 p., [16] p. of plates : |
| Other physical details | ill. (some col.), map ; |
| Dimensions | 24 cm. |
| 504 ## - BIBLIOGRAPHY, ETC. NOTE | |
| Bibliography, etc. note | Includes bibliographical references (p. [433]-443) and index. |
| 650 #0 - SUBJECT ADDED ENTRY--TOPICAL TERM | |
| Topical term or geographic name entry element | Decolonization |
| General subdivision | History. |
| 651 #0 - SUBJECT ADDED ENTRY--GEOGRAPHIC NAME | |
| Geographic name | Great Britain |
| General subdivision | Colonies |
| -- | History. |
| 906 ## - LOCAL DATA ELEMENT F, LDF (RLIN) | |
| a | 7 |
| b | cbc |
| c | copycat |
| d | 2 |
| e | ncip |
| f | 20 |
| g | y-gencatlg |
| 942 ## - ADDED ENTRY ELEMENTS (KOHA) | |
| Source of classification or shelving scheme | |
| Koha item type | Book |
| Withdrawn status | Lost status | Damaged status | Not for loan | Collection code | Permanent Location | Current Location | Shelving location | Date acquired | Total Checkouts | Full call number | Barcode | Date last seen | Price effective from | Koha item type |
|---|---|---|---|---|---|---|---|---|---|---|---|---|---|---|
| Centre for International Peace & Stability (CIPS) | Centre for International Peace & Stability (CIPS) | General Stacks | 08/27/2013 | 325.341 KWA 2011 | CIPS0000816 | 08/27/2013 | 08/27/2013 | Book |
